000 00571nam a2200181Ia 4500
008 100920s9999 xx 000 0 und d
082 _b95632
_a891.43 न 05
100 _aशर्मा जयबहादुर.
245 _aमाटी की महक.
260 _bसाक्षी प्रकाशन, दिल्ली.
_c2005
300 _a144
_bसाधी
365 _b150
520 _aहिंदी.
630 _aमाटी की महक.
650 _aहिंदी.
730 _aमाटी की महक.
942 _cBOOK
999 _c736074
_d736071